000
00359nam a2200157Ia 4500
999
_c
6110
_d
6110
003
OSt
005
20200312051620.0
008
200302s9999 xx 000 0 und d
020
_a
9788120350915
100
_a
Varghese P. C.
245
_a
Building materials 2nd ed.,
260
_b
PHI Learning Pvt., Ltd.,
260
_c
2016
300
_a
283
942
_2
ddc